Biblioteca

Reyes (Registro nro. 40316)

Detalles MARC
000 -LÍDER
Campo fijo de descripción fija 01553cam a2200349 i 4500
001 - NÚMERO DE CONTROL
Campo de control 10909
003 - IDENTIFICADOR DEL NÚMERO DE CONTROL
Campo de control CO-MdFUSB
005 - FECHA Y HORA DE LA ULTIMA TRANSACCIÓN
control field 20240201115241.0
008 - ELEMENTOS DE LONGITUD FIJA -- INFORMACIÓN GENERAL
Campo fijo de descripción fija -- Información general 220621t2011 sp a|||| |||| 00| 0 spa d
020 ## - NÚMERO INTERNACIONAL NORMALIZADO PARA LIBROS
Número Internacional Normalizado del libro 9788499451459
020 ## - NÚMERO INTERNACIONAL NORMALIZADO PARA LIBROS
Número Internacional Normalizado del libro 9788490739167
040 ## - FUENTE DE CATALOGACIÓN
Idioma de catalogación spa.
Agencia de catalogación original CO-MdFUSB
Agencia que realiza la transcripción CO-MdFUSB
Agencia que realiza la modificación CO-MdFUSBC
Convenciones de la descripción rda
041 ## - CÓDIGO DE IDIOMA
Código de idioma para texto/pista de sonido o título separado spa
082 04 - NÚMERO DE CLASIFICACIÓN DECIMAL DEWEY
Número de la edición del Dewey 23
Número de clasificación 222.507
Clave de autor-Numero de item Z25r
100 1# - ASIENTO PRINCIPAL--NOMBRE PERSONAL
Nombre personal Zamora García, Pedro
Término relacionador autor
245 10 - TÍTULO
Título del Material Reyes
Mención de responsabilidad, etc. / Pedro Zamora García
260 ## - PUBLICACIÓN, DISTRIBUCIÓN, ETC. (PIE DE IMPRENTA)
Lugar de publicación, distribución, etc. Verbo Divino
264 #1 - PRODUCCIÓN, PUBLICACIÓN, DISTRIBUCIÓN, MANUFACTURA, Y COPYRIGHT
Lugar de producción, publicación, distribución, manufactura Estella :
Nombre del productor, publicador, distribuidor Verbo Divino,
Fecha de producción, publicación, distribución, manufactura, o copyright [2011]
264 #4 - PRODUCCIÓN, PUBLICACIÓN, DISTRIBUCIÓN, MANUFACTURA, Y COPYRIGHT
Fecha de producción, publicación, distribución, manufactura, o copyright © 2011
300 ## - DESCRIPCIÓN FÍSICA
Extensión 2 Volúmenes
336 ## - TIPO DE CONTENIDO
Fuente rdacontent
Término de tipo de contenido texto
Código de tipo de contenido txt
337 ## - TIPO DE MEDIO
Fuente rdamedia
Nombre del tipo de medio sin mediación
Código del tipo de medio n
338 ## - TIPO DE SOPORTE
Fuente rdacarrier
Nombre del tipo de soporte volumen
Código Tipo de soporte nr
501 ## - NOTA DE “CON”
Nota de Contenido Pasta dura
505 ## - NOTA DE CONTENIDO
Título Reyes I: La fuerza de la narración:
Nota de contenido con formato preestablecido Enfoques básicos del comentario. -- Reyes, la historia deuteronomista y sus autores. -- El guión narrativo. -- Fuentes de la narración. -- Claves de interpretación. -- ¿Una teología del libro profético de Reyes? -- El valor histórico del libro profético de Reyes. -- Formato del comentario. -- Comentario al libro de Reyes.
Título Reyes II: La fuerza de la interpretación:
Nota de contenido con formato preestablecido Ciclo del profeta Eliseo (2 Reyes 2,19-13,25). -- Ciclo de los dos reinos hasta la caída de Samaria (2 Reyes 14-17). -- Ciclo del reino superviviente: Judá (2 Reyes 18-25)
563 ## - NOTA DE ENCUADERNACIÓN
Nota de encuadernación Pasta dura
630 07 - TITULO UNIFORME
Título uniforme Biblia.
Nombre de parte o sección de la obra Antiguo Testamento
630 07 - TITULO UNIFORME
Título uniforme Biblia.
Nombre de parte o sección de la obra Reyes, 1.ª
630 07 - TITULO UNIFORME
Título uniforme Biblia.
Nombre de parte o sección de la obra Reyes, 2.ª
Subdivisión de materia general Crítica, interpretación, etc.
942 ## - TIPO DE MATERIAL (KOHA)
Tipo de Item KOHA Libros de Referencia
945 ## - INFORMACIÓN LOCAL DEL REGISTRO
Catalogador JTF-925
Existencias
Estado de Material Estado de Perdido Forma de Clasificación Estado de Dañado No para Préstamo Colección Tomo Biblioteca de Origen Biblioteca Permanente Fecha de Adquisición Área Total de Préstamos Total de Renovaciones Signatura Topográfica Código de Barras Última vez visto Última vez Préstado Ejemplar/Existencia Fecha de Remplazo Tipo de Material
    Dewey Decimal Classification     Colección de Referencia   Biblioteca FUSBC Biblioteca FUSBC 31/08/2012 BIBLIA 4 1 R 222.507 Z25r 17695 15/03/2025 11/10/2022 Vol. 1, ej.1 26/01/2016 Libros de Referencia
    Dewey Decimal Classification     Colección de Referencia   Biblioteca FUSBC Biblioteca FUSBC 30/01/2024 BIBLIA 1   R 222.507 Z25r 22324 16/05/2025 28/02/2025 Vol. 2, ej.1 26/01/2016 Libros de Referencia

Biblioteca FUSBC | Teléfono: (57+4) 349 88 10 Ext. 141| WhatsApp (+57) 3005338115 
E-mail: biblioteca@unisbc.edu.co | Calle 76 87-14 Robledo Palenque, Medellín, Colombia

Con tecnología Koha